| 000 | 00731ntm a22001817a 4500 | ||
|---|---|---|---|
| 008 | 170802s2010 xx a frb 000 0 eng d | ||
| 040 |
_aEG-ScBUE _beng _cEG-ScBUE |
||
| 082 | 0 | 4 |
_a624 _bALI _222 |
| 100 | 1 | _aAli, Mohammed Ashraf. | |
| 245 | 1 | 0 |
_aRisk management as approach for reducing project cost : a contractor's perspective / _cby Mohammed Ashraf Ali. |
| 260 | _c2010. | ||
| 300 |
_avii, 75 p. : _bill ; _c28 cm. |
||
| 500 | _aA dissertation submitted to the faculty of engineering, the British university in Egypt, in partial fulfillment of the requirements for the bachelor degree in civil engineering. | ||
| 590 | _aAishaa | ||
| 650 | 7 |
_2BUEsh _acivil engineering _vProjects |
|
| 653 |
_bENGCIV _cAugust2017 |
||
| 942 | _2ddc | ||
| 999 |
_c25136 _d25108 |
||